পাকিস্তান প্রস্তাব ও ফজলুল হক / (Record no. 39248)
[ view plain ]
| 000 -LEADER | |
|---|---|
| fixed length control field | 00962nam a2200241 a 4500 |
| 001 - CONTROL NUMBER | |
| control field | 39248 |
| 003 - CONTROL NUMBER IDENTIFIER | |
| rucl marc code | BD-RjUL |
| 005 - DATE AND TIME OF LATEST TRANSACTION | |
| control field | 20211209052942.0 |
| 008 - FIXED-LENGTH DATA ELEMENTS--GENERAL INFORMATION | |
| fixed length control field | 160406s20151972bg o|||e |||| 00| 0 ben d |
| 020 ## - INTERNATIONAL STANDARD BOOK NUMBER | |
| International Standard Book Number | 9847000002334: |
| Terms of availability | Tk 300.00 |
| 035 ## - SYSTEM CONTROL NUMBER | |
| System control number | (BD-RjUL)39360 |
| 040 ## - CATALOGING SOURCE | |
| Original cataloging agency | BD-RjUL |
| Language of cataloging | ben |
| Transcribing agency | BD-RjUL |
| 041 ## - LANGUAGE CODE | |
| Language code of text/sound track or separate title | ben |
| 082 ## - DEWEY DECIMAL CLASSIFICATION NUMBER | |
| Edition number | 23 |
| Author mark and year | DEP 2015 |
| Classification number | 324.2092 |
| 100 ## - MAIN ENTRY--PERSONAL NAME | |
| Personal name | দে, অমলেন্দু |
| 9 (RLIN) | 121020 |
| 245 10 - TITLE STATEMENT | |
| Title | পাকিস্তান প্রস্তাব ও ফজলুল হক / |
| Statement of responsibility, etc. | অমলেন্দু দে |
| 260 ## - PUBLICATION, DISTRIBUTION, ETC. (IMPRINT) | |
| Place of publication, distribution, etc. | ঢাকা : |
| Name of publisher, distributor, etc. | জাতীয় সাহিত্য প্রকাশ, |
| Date of publication, distribution, etc. | ২০১৫ |
| 300 ## - PHYSICAL DESCRIPTION | |
| Pagination | ১৯১ পৃ. : |
| Illustrations | চিত্র ; |
| Size | ২২ সেমি. |
| 500 ## - GENERAL NOTE | |
| General note | নির্দেশিকা সংযুক্ত |
| 600 ## - SUBJECT ADDED ENTRY--PERSONAL NAME | |
| Personal name | হক, আবুল কাশেম ফজলুল |
| General subdivision | জীবনী |
| Personal name | Huq, Abul Kasem Fazlul |
| General subdivision | Biography |
| 942 ## - ADDED ENTRY ELEMENTS (KOHA) | |
| Source of classification or shelving scheme | Dewey Decimal Classification |
| Koha item type | Books |
| Lost status | Source of classification or shelving scheme | Damaged status | Not for loan | Collection code | Permanent Location | Current Location | Shelving location | Date acquired | Source of acquisition | Cost, normal purchase price | Total Checkouts | Full call number | Date last seen | Copy number | Koha item type | Date checked out |
|---|---|---|---|---|---|---|---|---|---|---|---|---|---|---|---|---|
| Dewey Decimal Classification | Not For Loan | Non-fiction | Central Library, University of Rajshahi | Central Library, University of Rajshahi | Reading Room | 31/01/2016 | Jatiya Sahitya Prakash, Dhaka | 300.00 | B 923.209 AMP 2015 | 06/04/2016 | C-1 | Books | ||||
| Dewey Decimal Classification | Non-fiction | Central Library, University of Rajshahi | Central Library, University of Rajshahi | 31/01/2016 | Jatiya Sahitya Prakash, Dhaka | 300.00 | 2 | B 324.2092 DEP 2015 | 17/07/2025 | C-2 | Books | 14/07/2025 | ||||
| Dewey Decimal Classification | Non-fiction | Central Library, University of Rajshahi | Central Library, University of Rajshahi | 31/01/2016 | Dhaka, Jatiya Sahitya Prakash | 300.00 | 1 | B 324.2092 DEP 2015 | 19/09/2023 | C-3 | Books | 05/09/2023 |